[Event "Aragon-chT Preferente Gr I"]
[Site "Aragon"]
[Date "2023.03.25"]
[Round "9.45"]
[White "Carraminana Lopez, Luis Antonio"]
[Black "Gaspar Calvo, Luis Alberto"]
[Result "0-1"]
[WhiteElo "1901"]
[BlackElo "1845"]
[PlyCount "64"]
[EventDate "2023.01.28"]
[EventType "team-tourn"]
[EventRounds "9"]
[EventCountry "ESP"]
[SourceTitle "EXT 2024"]
[Source "ChessBase"]
[SourceDate "2023.10.10"]
[SourceVersion "1"]
[SourceVersionDate "2023.10.10"]
[SourceQuality "1"]
[WhiteTeam "Helios II"]
[BlackTeam "Delicias II"]
[WhiteTeamCountry "ESP"]
[BlackTeamCountry "ESP"]

1. e4 c5 2. Nf3 g6 3. c3 Nf6 4. e5 Nd5 5. Bc4 Nb6 6. Bb3 c4 7. Bc2 d5 8. h3 Nc6 9. d4 cxd3 10. Bxd3 Bg7 11. Bf4 Qc7 12. Qe2 Nd7 13. Bb5 0-0 14. Bxc6 bxc6 15. 0-0 e6 16. Re1 a5 17. Qe3 Ba6 18. Nbd2 c5 19. Bh6 Rab8 20. b3 Rfc8 21. Bxg7 Kxg7 22. Qf4 h6 23. h4 c4 24. Re3 cxb3 25. axb3 Qd8 26. Nd4 Nc5 27. b4 Nd3 28. Qg3 Rxc3 29. Rxa5 Rxb4 30. Nxe6+ fxe6 31. Rxa6 Rc1+ 32. Kh2 Rxh4+ 0-1

[Event "Aragon-chT Preferente Gr I"]
[Site "Aragon"]
[Date "2023.03.04"]
[Round "6.36"]
[White "Gaspar Calvo, Luis Alberto"]
[Black "Ballarin Corvinos, Jorge"]
[Result "1-0"]
[WhiteElo "1845"]
[BlackElo "1748"]
[PlyCount "113"]
[EventDate "2023.01.28"]
[EventType "team-tourn"]
[EventRounds "9"]
[EventCountry "ESP"]
[SourceTitle "EXT 2024"]
[Source "ChessBase"]
[SourceDate "2023.10.10"]
[SourceVersion "1"]
[SourceVersionDate "2023.10.10"]
[SourceQuality "1"]
[WhiteTeam "Delicias II"]
[BlackTeam "Binefar"]
[WhiteTeamCountry "ESP"]
[BlackTeamCountry "ESP"]

1. c4 e5 2. Nc3 Nc6 3. g3 f5 4. Nf3 Nf6 5. d4 e4 6. Nh4 d6 7. Bg5 Be7 8. e3 0-0 9. Be2 Qe8 10. Ng2 Qf7 11. Bxf6 Bxf6 12. h4 Ne7 13. Nb5 Nc6 14. Nf4 a6 15. Nc3 Ne7 16. Qb3 c6 17. d5 Bxc3+ 18. Qxc3 cxd5 19. cxd5 b5 20. Qc7 Qf6 21. 0-0 Ng6 22. Nxg6 hxg6 23. Qc6 Rb8 24. Qc2 Bb7 25. Rfd1 Rbc8 26. Qd2 Rc5 27. a4 Rfc8 28. axb5 Rc2 29. Qe1 Qxb2 30. Rdb1 Qc3 31. Qxc3 R2xc3 32. bxa6 Bxd5 33. Rd1 R3c5 34. Rxd5 Rxd5 35. a7 Rd2 36. a8Q Rxa8 37. Rxa8+ Kf7 38. Bb5 Kf6 39. Ra7 g5 40. hxg5+ Kxg5 41. Rxg7+ Kf6 42. Ra7 Kg5 43. Kg2 Kf6 44. Ra8 Ke7 45. Be8 d5 46. Kf1 d4 47. exd4 Rxd4 48. Ke2 Rd3 49. Bg6 Kf6 50. Ra6+ Kg5 51. Bh7 Rf3 52. Ra5 Kf6 53. Rxf5+ Rxf5 54. Bxf5 Kxf5 55. Ke3 Ke5 56. g4 Kd5 57. Kf4 1-0

[Event "Aragon-chT Preferente Gr I"]
[Site "Aragon"]
[Date "2022.03.26"]
[Round "9.39"]
[White "Lorente Melcon, Nicolas"]
[Black "Gaspar Calvo, Luis Alberto"]
[Result "0-1"]
[WhiteElo "1707"]
[BlackElo "1835"]
[PlyCount "74"]
[EventDate "2022.01.29"]
[EventType "team-tourn"]
[EventRounds "9"]
[EventCountry "ESP"]
[SourceTitle "EXT 2024"]
[Source "ChessBase"]
[SourceDate "2023.10.10"]
[SourceVersion "1"]
[SourceVersionDate "2023.10.10"]
[SourceQuality "1"]
[WhiteTeam "Helios II"]
[BlackTeam "Delicias II"]
[WhiteTeamCountry "ESP"]
[BlackTeamCountry "ESP"]

1. e4 c5 2. Nc3 Nc6 3. Bb5 g6 4. Bxc6 dxc6 5. f4 Bg7 6. Nf3 Nf6 7. d3 Qc7 8. 0-0 b6 9. Qe1 Bb7 10. a3 0-0-0 11. Bd2 h6 12. b4 cxb4 13. axb4 a6 14. Ra2 g5 15. Qg3 g4 16. Nh4 h5 17. Be3 Nd5 18. Nxd5 cxd5 19. e5 d4 20. Bf2 e6 21. Rfa1 Bf8 22. Be1 Be7 23. Qf2 Qc6 24. Qf1 Qd5 25. Qe2 Rdg8 26. c4 dxc3 27. Rc1 Kb8 28. Rxc3 Bxh4 29. Bxh4 Qd4+ 30. Qf2 Qxc3 31. Qxb6 Qc1+ 32. Kf2 Qxf4+ 33. Kg1 Qc1+ 34. Kf2 Qc6 35. Qxc6 Bxc6 36. Rxa6 Kb7 37. Ra5 Ra8 0-1

[Event "Aragon-chT Preferente Gr I"]
[Site "Aragon"]
[Date "2022.03.05"]
[Round "6.49"]
[White "Gaspar Calvo, Luis Alberto"]
[Black "Garcia Garcia, Enrique"]
[Result "1-0"]
[WhiteElo "1835"]
[BlackElo "1788"]
[PlyCount "49"]
[EventDate "2022.01.29"]
[EventType "team-tourn"]
[EventRounds "9"]
[EventCountry "ESP"]
[SourceTitle "EXT 2024"]
[Source "ChessBase"]
[SourceDate "2023.10.10"]
[SourceVersion "1"]
[SourceVersionDate "2023.10.10"]
[SourceQuality "1"]
[WhiteTeam "Delicias II"]
[BlackTeam "Dr Azua"]
[WhiteTeamCountry "ESP"]
[BlackTeamCountry "ESP"]

1. c4 c5 2. Nc3 Nc6 3. g3 g6 4. Bg2 Bg7 5. Nf3 e6 6. d4 cxd4 7. Nb5 d5 8. cxd5 exd5 9. Nbxd4 Nge7 10. 0-0 0-0 11. b3 Nf5 12. Bg5 Qa5 13. Nxc6 bxc6 14. Rc1 Qxa2 15. Rxc6 Be6 16. g4 Nh6 17. h3 Kh8 18. Nd4 Rae8 19. Qd3 Bc8 20. Bxd5 Re5 21. Bxh6 Bxh6 22. Qc3 Bg7 23. Rxc8 Rxd5 24. Rxf8+ Bxf8 25. Ra1 1-0

[Event "Aragon-chT Honor Descenso"]
[Site "Aragon"]
[Date "2021.06.05"]
[Round "10.15"]
[White "Lorente Melcon, Maximo"]
[Black "Gaspar Calvo, Luis Alberto"]
[Result "1-0"]
[WhiteElo "1838"]
[BlackElo "1901"]
[PlyCount "101"]
[EventDate "2021.05.15"]
[EventType "team-tourn"]
[EventRounds "10"]
[EventCountry "ESP"]
[SourceTitle "EXT 2024"]
[Source "ChessBase"]
[SourceDate "2023.10.10"]
[SourceVersion "1"]
[SourceVersionDate "2023.10.10"]
[SourceQuality "1"]
[WhiteTeam "Helios"]
[BlackTeam "Delicias"]
[WhiteTeamCountry "ESP"]
[BlackTeamCountry "ESP"]

1. e4 c5 2. Nc3 g6 3. Bc4 Nc6 4. f4 Bg7 5. d3 e6 6. Nf3 Nge7 7. a4 0-0 8. 0-0 d5 9. Ba2 dxe4 10. dxe4 Qxd1 11. Nxd1 Nb4 12. Bb1 Rd8 13. Nf2 b6 14. c3 Nbc6 15. Bc2 Ba6 16. Re1 c4 17. Be3 e5 18. fxe5 Nxe5 19. Nxe5 Bxe5 20. Ng4 Nc6 21. Rf1 Bg7 22. Bf4 h5 23. Ne3 Ne5 24. a5 Nd3 25. Nd5 Nxf4 26. Rxf4 Be5 27. Rf2 Bb7 28. Ne7+ Kg7 29. a6 Bc8 30. Nc6 Re8 31. Raf1 f6 32. Nxe5 Rxe5 33. Rxf6 Bf5 34. Rd6 Bxe4 35. Re1 Rae8 36. Bxe4 Rxe4 37. Rxe4 Rxe4 38. Rd7+ Kf6 39. Rxa7 Re1+ 40. Kf2 Rb1 41. Ra8 Rxb2+ 42. Ke3 Kg7 43. a7 Ra2 44. Kd4 Ra5 45. Kxc4 g5 46. Kb4 h4 47. h3 Kh7 48. c4 Ra2 49. Kb5 Rb2+ 50. Kc6 Ra2 51. Kb7 1-0

[Event "Aragon-chT Honor Gr I"]
[Site "Aragon"]
[Date "2021.05.01"]
[Round "6.8"]
[White "Gaspar Calvo, Luis Alberto"]
[Black "Buisan Zaharia, Pedro"]
[Result "0-1"]
[WhiteElo "1901"]
[BlackElo "1956"]
[PlyCount "114"]
[EventDate "2021.03.13"]
[EventType "team-tourn"]
[EventRounds "7"]
[EventCountry "ESP"]
[SourceTitle "EXT 2024"]
[Source "ChessBase"]
[SourceDate "2023.10.10"]
[SourceVersion "1"]
[SourceVersionDate "2023.10.10"]
[SourceQuality "1"]
[WhiteTeam "Delicias"]
[BlackTeam "Jaque Pirenauto"]
[WhiteTeamCountry "ESP"]
[BlackTeamCountry "ESP"]

1. c4 Nf6 2. Nc3 c6 3. e4 e5 4. Nf3 d6 5. d4 Nbd7 6. Be2 Be7 7. 0-0 0-0 8. h3 Qc7 9. Be3 Rd8 10. Rc1 a6 11. a3 b6 12. b4 Bb7 13. d5 c5 14. g4 Nf8 15. g5 Ne8 16. Nh4 Bc8 17. Nf5 Ng6 18. bxc5 dxc5 19. d6 Bxd6 20. Nd5 Qc6 21. f4 Bxf5 22. exf5 Nxf4 23. Bxf4 exf4 24. Bf3 Qc8 25. Nxb6 Qxf5 26. Nxa8 Qxg5+ 27. Kh1 Qg3 28. Qe2 Qxh3+ 29. Qh2 Qf5 30. Nb6 Nf6 31. Nd5 Nxd5 32. cxd5 Rb8 33. Rce1 g6 34. Re2 Kg7 35. Rb2 Qd3 36. Qe2 Qxa3 37. Rxb8 Bxb8 38. Rb1 Bd6 39. Qb2+ Qxb2 40. Rxb2 Kf6 41. Rb6 Ke5 42. Rxa6 f5 43. Ra8 c4 44. Re8+ Kd4 45. Rd8 Ke5 46. Re8+ Kd4 47. Rd8 Ke5 48. Rc8 g5 49. Rxc4 g4 50. Bd1 Kxd5 51. Rc8 f3 52. Rh8 Ke5 53. Rxh7 Kf4 54. Bc2 g3 55. Rh4+ Ke3 56. Bxf5 Kf2 57. Rg4 g2+ 0-1

[Event "Aragon-chT Preferente B"]
[Site "Aragon"]
[Date "2016.04.02"]
[Round "9.51"]
[White "Gaspar Calvo, Luis Alberto"]
[Black "Buil Rello, Jose Antonio"]
[Result "1-0"]
[WhiteElo "1930"]
[BlackElo "1879"]
[PlyCount "99"]
[EventDate "2016.01.30"]
[EventType "team-tourn"]
[EventRounds "9"]
[EventCountry "ESP"]
[SourceTitle "EXT 2018"]
[Source "ChessBase"]
[SourceDate "2017.10.13"]
[SourceVersion "1"]
[SourceVersionDate "2017.10.13"]
[SourceQuality "1"]
[WhiteTeam "Marcos Frechin II"]
[BlackTeam "Jaime Casas II"]
[WhiteTeamCountry "ESP"]
[BlackTeamCountry "ESP"]

1. e4 c5 2. Nf3 e6 3. d4 Qc7 4. c3 a6 5. Bd3 b6 6. 0-0 g6 7. Re1 d6 8. Bf4 Nd7 9. e5 d5 10. Nbd2 c4 11. Bc2 b5 12. Nf1 a5 13. a3 a4 14. h4 h5 15. Ng5 Nb6 16. Qf3 Bh6 17. Nh2 Qe7 18. Qg3 Bxg5 19. Bxg5 Qf8 20. Re3 Qg7 21. Rae1 Kd7 22. f4 Kc6 23. Qf2 Bd7 24. Nf3 Be8 25. R1e2 Nd7 26. Qg3 Nh6 27. Bxh6 Qxh6 28. Ng5 Qg7 29. Qh3 Nf8 30. Kf1 Bd7 31. Ne4 Rd8 32. Nd6 Nh7 33. g4 f5 34. gxf5 gxf5 35. Rg3 Qf8 36. Reg2 Be8 37. Nxe8 Qxe8 38. Rg7 Rd7 39. Qg3 Rf8 40. Bd1 Rxg7 41. Qxg7 Qf7 42. Qxf7 Rxf7 43. Bxh5 Re7 44. Rg8 Kc7 45. Kg2 Kb7 46. Kh3 Kc7 47. Re8 Kd7 48. Rxe7+ Kxe7 49. Bg6 Nf8 50. h5 1-0

[Event "Aragon-chT Preferente B"]
[Site "Aragon"]
[Date "2016.02.13"]
[Round "3.67"]
[White "Gaspar Calvo, Luis Alberto"]
[Black "Avellanas Pau, Miguel Angel"]
[Result "1-0"]
[WhiteElo "1930"]
[BlackElo "1883"]
[PlyCount "77"]
[EventDate "2016.01.30"]
[EventType "team-tourn"]
[EventRounds "9"]
[EventCountry "ESP"]
[SourceTitle "EXT 2018"]
[Source "ChessBase"]
[SourceDate "2017.10.13"]
[SourceVersion "1"]
[SourceVersionDate "2017.10.13"]
[SourceQuality "1"]
[WhiteTeam "Marcos Frechin II"]
[BlackTeam "Barbastro"]
[WhiteTeamCountry "ESP"]
[BlackTeamCountry "ESP"]

1. e4 e5 2. Nf3 Nc6 3. Bb5 a6 4. Bxc6 dxc6 5. 0-0 Bg4 6. h3 h5 7. d3 Bd6 8. Nbd2 Qf6 9. Re1 Ne7 10. Qe2 0-0-0 11. d4 Ng6 12. c3 Nf4 13. Qe3 Bxh3 14. dxe5 Bxe5 15. Nxe5 Bxg2 16. Ndf3 Bxf3 17. Qxf4 Bg4 18. Qxf6 gxf6 19. Nxf7 Rhg8 20. Nxd8 Kxd8 21. f4 h4 22. Kh2 Bf3 23. Rg1 Re8 24. e5 f5 25. Be3 Bg4 26. Rac1 Ke7 27. Rc2 Ke6 28. Rd2 b6 29. Bf2 Rh8 30. c4 Ke7 31. b4 Ke6 32. a4 Ke7 33. Re1 Ke6 34. Re3 h3 35. Red3 b5 36. cxb5 cxb5 37. a5 Bh5 38. Rxh3 Rh7 39. Rh4 1-0

[Event "Zaragoza Primavera op 3rd"]
[Site "Zaragoza"]
[Date "2015.05.31"]
[Round "7"]
[White "Solera Sanchez, Roberto"]
[Black "Gaspar Calvo, Luis Alberto"]
[Result "1/2-1/2"]
[WhiteElo "1860"]
[BlackElo "1892"]
[PlyCount "63"]
[EventDate "2015.04.12"]
[EventType "swiss"]
[EventRounds "9"]
[EventCountry "ESP"]
[SourceTitle "EXT 2016"]
[Source "ChessBase"]
[SourceDate "2015.10.08"]
[SourceVersion "1"]
[SourceVersionDate "2015.10.08"]
[SourceQuality "1"]

1. d4 Nf6 2. c4 e6 3. Nf3 b6 4. g3 Bb7 5. Bg2 c5 6. Bg5 cxd4 7. Qxd4 Nc6 8. Qd1 h6 9. Bf4 Bb4+ 10. Bd2 Qe7 11. a3 Bxd2+ 12. Nbxd2 0-0 13. 0-0 d5 14. cxd5 exd5 15. e3 Ne4 16. Nb3 Ba6 17. Qxd5 Bxf1 18. Rxf1 Rac8 19. Nh4 Nf6 20. Qb5 Ne5 21. Nf5 Qe8 22. Qa6 Qd7 23. Bh3 Neg4 24. Nbd4 Rc5 25. Qe2 Rxf5 26. Nxf5 Qxf5 27. f3 Rc8 28. fxg4 Qe4 29. g5 Rc2 30. Qf3 Qxf3 31. Rxf3 hxg5 32. Rf2 1/2-1/2

[Event "Zaragoza Primavera op 3rd"]
[Site "Zaragoza"]
[Date "2015.05.24"]
[Round "6"]
[White "Gaspar Calvo, Luis Alberto"]
[Black "Sanchez Valles, Jose Maria"]
[Result "1-0"]
[WhiteElo "1892"]
[BlackElo "1752"]
[PlyCount "51"]
[EventDate "2015.04.12"]
[EventType "swiss"]
[EventRounds "9"]
[EventCountry "ESP"]
[SourceTitle "EXT 2016"]
[Source "ChessBase"]
[SourceDate "2015.10.08"]
[SourceVersion "1"]
[SourceVersionDate "2015.10.08"]
[SourceQuality "1"]

1. Nf3 c5 2. c4 Nf6 3. Nc3 Nc6 4. d4 cxd4 5. Nxd4 Nxd4 6. Qxd4 g6 7. e4 d6 8. Bg5 Bg7 9. Be2 Qa5 10. Qd2 Be6 11. Rc1 Rc8 12. b3 0-0 13. 0-0 Rfe8 14. f3 Nd7 15. Rfd1 Nc5 16. Nd5 Qxd2 17. Rxd2 f6 18. Be3 b6 19. Bd4 Bxd5 20. exd5 Bh6 21. Rcd1 Bxd2 22. Rxd2 e5 23. dxe6 Rxe6 24. b4 Rce8 25. Kf2 Nd3+ 26. Bxd3 1-0

[Event "Zaragoza Primavera op 3rd"]
[Site "Zaragoza"]
[Date "2015.04.12"]
[Round "1"]
[White "Amillo Navarro, Emilio"]
[Black "Gaspar Calvo, Luis Alberto"]
[Result "0-1"]
[WhiteElo "1503"]
[BlackElo "1892"]
[PlyCount "28"]
[EventDate "2015.04.12"]
[EventType "swiss"]
[EventRounds "9"]
[EventCountry "ESP"]
[SourceTitle "EXT 2016"]
[Source "ChessBase"]
[SourceDate "2015.10.08"]
[SourceVersion "1"]
[SourceVersionDate "2015.10.08"]
[SourceQuality "1"]

1. d4 Nf6 2. Nc3 d5 3. e3 e6 4. Nf3 c5 5. dxc5 Bxc5 6. Bd3 0-0 7. Ne5 Nc6 8. f4 d4 9. Ne4 Nxe4 10. Bxe4 Nxe5 11. fxe5 Qh4+ 12. g3 Qxe4 13. 0-0 dxe3 14. Rf4 e2+ 0-1

[Event "Aragon-chT Preferente B"]
[Site "Aragon"]
[Date "2015.02.21"]
[Round "5.72"]
[White "Gaspar Calvo, Luis Alberto"]
[Black "Zambrana Petisme, Ramiro"]
[Result "0-1"]
[WhiteElo "1883"]
[BlackElo "1908"]
[PlyCount "98"]
[EventDate "2015.01.24"]
[EventType "team-tourn"]
[EventRounds "9"]
[EventCountry "ESP"]
[SourceTitle "EXT 2017"]
[Source "ChessBase"]
[SourceDate "2016.10.25"]
[SourceVersion "1"]
[SourceVersionDate "2016.10.25"]
[SourceQuality "1"]
[WhiteTeam "Marcos Frechin"]
[BlackTeam "St Casablanca IV"]
[WhiteTeamCountry "ESP"]
[BlackTeamCountry "ESP"]

1. e4 c5 2. Nf3 g6 3. d4 cxd4 4. Qxd4 Nf6 5. e5 Nc6 6. Qa4 Nd5 7. Qe4 Ndb4 8. Bb5 Bg7 9. 0-0 0-0 10. Bxc6 Nxc6 11. Nc3 d6 12. exd6 Qxd6 13. Bf4 Qc5 14. Be3 Qf5 15. Qh4 Qg4 16. Qg3 Qxg3 17. hxg3 Bf5 18. Rfd1 Rfd8 19. Rxd8+ Rxd8 20. Rc1 b6 21. a3 Na5 22. Nh4 Be6 23. Rd1 Rxd1+ 24. Nxd1 Nc4 25. Bc1 Bg4 26. f3 Bd7 27. b3 Nd6 28. c4 Bd4+ 29. Kf1 f6 30. f4 Ne4 31. Nf3 Nxg3+ 32. Ke1 Bc5 33. b4 Bd6 34. Nf2 Kf7 35. Nd3 Ne4 36. Be3 Bc7 37. c5 Bg4 38. cxb6 axb6 39. Nb2 Nc3 40. Nd4 Bd7 41. Nc4 Nd5 42. b5 e6 43. Nc6 Nxe3 44. Nxe3 Bxc6 45. bxc6 Bxf4 46. Nc4 Bc7 47. a4 e5 48. Kd2 Ke6 49. Ne3 Kd6 0-1

[Event "Zaragoza Primavera op 2nd"]
[Site "Zaragoza"]
[Date "2014.05.18"]
[Round "4"]
[White "Gaspar Calvo, Luis Alberto"]
[Black "Aviol Perez, Jose Mariano"]
[Result "1-0"]
[WhiteElo "1784"]
[BlackElo "1958"]
[PlyCount "92"]
[EventDate "2014.04.27"]
[EventType "swiss"]
[EventRounds "9"]
[EventCountry "ESP"]
[SourceTitle "CBM 160 Extra"]
[Source "ChessBase"]
[SourceDate "2014.07.01"]
[SourceVersion "1"]
[SourceVersionDate "2014.07.01"]
[SourceQuality "1"]

1. e4 d6 2. d4 Nf6 3. Nc3 g6 4. Nf3 Bg7 5. Be2 c5 6. d5 0-0 7. 0-0 Na6 8. a4 b6 9. Nd2 Nc7 10. Nc4 Rb8 11. Bf4 Ba6 12. h3 Bxc4 13. Bxc4 a6 14. Qe2 b5 15. axb5 axb5 16. Nxb5 Nxb5 17. Bxb5 Nxe4 18. Qxe4 Rxb5 19. Ra7 Rb4 20. Qe3 Bf6 21. Bh6 Re8 22. b3 Qb6 23. Ra4 Rb8 24. Bg5 Bxg5 25. Qxg5 Qd8 26. Rxb4 Rxb4 27. Re1 Rb7 28. h4 Qd7 29. h5 f6 30. Qg3 Qf5 31. hxg6 hxg6 32. c4 Kf7 33. Re3 Rb8 34. Qh3 Qb1+ 35. Kh2 g5 36. Qe6+ Kg6 37. Qh3 Kf7 38. Qh5+ Kf8 39. Qh8+ Kf7 40. Qxb8 Qh7+ 41. Rh3 Qf5 42. Qh8 Qf4+ 43. Rg3 Kg6 44. Qe8+ Kf5 45. Qxe7 Kg6 46. Qe3 Qh4+ 1-0

[Event "Zaragoza Primavera op 2nd"]
[Site "Zaragoza"]
[Date "2014.05.04"]
[Round "2"]
[White "Calvo Sanz, Juan Alberto"]
[Black "Gaspar Calvo, Luis Alberto"]
[Result "0-1"]
[WhiteElo "1667"]
[BlackElo "1784"]
[PlyCount "76"]
[EventDate "2014.04.27"]
[EventType "swiss"]
[EventRounds "9"]
[EventCountry "ESP"]
[SourceTitle "CBM 160 Extra"]
[Source "ChessBase"]
[SourceDate "2014.07.01"]
[SourceVersion "1"]
[SourceVersionDate "2014.07.01"]
[SourceQuality "1"]

1. d4 e6 2. c4 f5 3. Nc3 Nf6 4. e3 Bb4 5. Nge2 Ne4 6. Qc2 b6 7. a3 Bxc3+ 8. Nxc3 Nxc3 9. Qxc3 Bb7 10. f3 0-0 11. Be2 Qh4+ 12. Kf1 d6 13. Qe1 Qe7 14. Bd2 Nd7 15. b4 c5 16. dxc5 dxc5 17. Rb1 Rad8 18. Bc3 e5 19. h4 e4 20. f4 Nf6 21. h5 h6 22. Qg3 Ng4 23. bxc5 bxc5 24. Bxg4 fxg4 25. Rh4 Bc8 26. Kg1 Rd3 27. Rc1 Bf5 28. Qf2 Rb8 29. Rh2 Rb3 30. Qe1 g3 31. Qxg3 Rbxc3 32. Rxc3 Rxc3 33. Qe1 Rxa3 34. g3 Qf6 35. Rc2 Ra1 36. Rc1 Rxc1 37. Qxc1 Qf7 38. Qd1 Qd7 0-1

[Event "Zaragoza Artistica op"]
[Site "Zaragoza"]
[Date "2013.04.27"]
[Round "5"]
[White "Subira Navarro, Oscar"]
[Black "Gaspar Calvo, Luis Alberto"]
[Result "1/2-1/2"]
[WhiteElo "1592"]
[BlackElo "1768"]
[PlyCount "140"]
[EventDate "2013.04.13"]
[EventType "swiss"]
[EventRounds "9"]
[EventCountry "ESP"]
[SourceTitle "CBM 154 Extra"]
[Source "ChessBase"]
[SourceDate "2013.06.25"]
[SourceVersion "2"]
[SourceVersionDate "2013.06.25"]
[SourceQuality "1"]

1. c4 e5 2. g3 Nf6 3. Bg2 Bc5 4. Nc3 a6 5. d3 d6 6. Nf3 Nc6 7. Bd2 0-0 8. 0-0 Rb8 9. a3 b5 10. b4 Ba7 11. cxb5 axb5 12. Rc1 Bd7 13. h3 Re8 14. Ng5 Nd4 15. e3 Ne6 16. Nce4 Nxe4 17. Nxe4 f5 18. Nc3 f4 19. Kh2 Qg5 20. gxf4 exf4 21. Ne4 Qh6 22. Qg4 fxe3 23. Bxe3 Bxe3 24. fxe3 Rf8 25. Rxf8+ Rxf8 26. Rxc7 Nxc7 27. Qxd7 Nd5 28. Qxd6 Qxd6+ 29. Nxd6 Nxe3 30. Be4 g6 31. Nxb5 Rb8 32. Nd4 Nf1+ 33. Kg2 Nd2 34. Bd5+ Kh8 35. Bc4 Ra8 36. Nc2 Nb1 37. Kf3 Nxa3 38. Nxa3 Rxa3 39. Ke4 Kg7 40. b5 Kf6 41. Kd5 Ke7 42. Kc6 Kd8 43. b6 Kc8 44. Be6+ Kb8 45. d4 Rc3+ 46. Kb5 g5 47. d5 Rd3 48. Kc6 Rc3+ 49. Kd7 Rb3 50. Ke7 Rxb6 51. d6 h5 52. d7 Rb7 53. Ke8 Rxd7 54. Bxd7 Kc7 55. Ke7 g4 56. Bxg4 h4 57. Bd7 Kb6 58. Kd6 Kb7 59. Bf5 Kb6 60. Bc8 Kb5 61. Bd7+ Kb6 62. Bc6 Ka7 63. Kc7 Ka6 64. Be4 Ka7 65. Bd5 Ka6 66. Bc4+ Ka7 67. Ba2 Ka6 68. Kd6 Kb6 69. Ke5 Kc7 70. Kf5 Kd8 1/2-1/2

[Event "Aragon-ch Primera"]
[Site "Spain"]
[Date "2009.??.??"]
[Round "2"]
[White "Belmonte Barragan, Avelino"]
[Black "Gaspar Calvo, Luis Alberto"]
[Result "1/2-1/2"]
[WhiteElo "1777"]
[BlackElo "1813"]
[PlyCount "139"]
[EventDate "2009.??.??"]
[EventType "swiss"]
[EventRounds "9"]
[EventCountry "ESP"]
[SourceTitle "EXT 2013"]
[Source "ChessBase"]
[SourceDate "2012.11.22"]
[SourceVersion "1"]
[SourceVersionDate "2012.11.22"]
[SourceQuality "1"]

1. e4 c5 2. Nc3 Nc6 3. g3 d6 4. Bg2 Nf6 5. h3 g6 6. d3 Bg7 7. f4 0-0 8. Nf3 Nd4 9. Ne2 Nxf3+ 10. Bxf3 Bd7 11. g4 Bc6 12. 0-0 Qb6 13. c4 Nd7 14. Kh2 a5 15. a4 Qc7 16. Nc3 Nb6 17. Nb5 Bxb5 18. axb5 e6 19. Qe1 a4 20. Bd1 Rfe8 21. Be2 d5 22. e5 dxc4 23. dxc4 a3 24. bxa3 g5 25. Kg2 gxf4 26. Bxf4 Bxe5 27. Qg3 Bxf4 28. Rxf4 Qe5 29. Re1 Rxa3 30. Qxa3 Qxf4 31. Qxc5 Qe4+ 32. Kf2 Qf4+ 33. Kg2 Nd7 34. Qf2 Qxf2+ 35. Kxf2 Nc5 36. Ke3 Rd8 37. Rd1 Rxd1 38. Bxd1 b6 39. Bc2 h6 40. h4 f6 41. h5 Kf7 42. Kd4 Ke7 43. Bg6 Kd6 44. Bc2 Nd7 45. Bd1 Ne5 46. Be2 f5 47. gxf5 exf5 48. Ke3 Nd7 49. Kf4 Ke6 50. Bf3 Nc5 51. Bd5+ Kf6 52. Bf3 Ne6+ 53. Ke3 Ke5 54. Bd5 Nc5 55. Bf7 f4+ 56. Kf3 Ne4 57. Bd5 Nd2+ 58. Ke2 Nb3 59. Kf3 Nd4+ 60. Kg4 Nb3 61. Kf3 Kf5 62. Kf2 Kg4 63. Bf3+ Kh4 64. Kg2 Nd4 65. c5 Nxb5 66. cxb6 Nd6 67. b7 Nxb7 68. Bxb7 Kxh5 69. Kh3 Kg5 70. Bf3 1/2-1/2

[Event "Aragon-ch Primera"]
[Site "Spain"]
[Date "2009.??.??"]
[Round "4"]
[White "Gaspar Calvo, Luis Alberto"]
[Black "Laborda, Oscar"]
[Result "1-0"]
[WhiteElo "1813"]
[BlackElo "1668"]
[PlyCount "93"]
[EventDate "2009.??.??"]
[EventType "swiss"]
[EventRounds "9"]
[EventCountry "ESP"]
[SourceTitle "EXT 2013"]
[Source "ChessBase"]
[SourceDate "2012.11.22"]
[SourceVersion "1"]
[SourceVersionDate "2012.11.22"]
[SourceQuality "1"]

1. e4 c6 2. d4 d5 3. exd5 Qxd5 4. Nc3 Qa5 5. Bc4 Bf5 6. Nf3 Nd7 7. 0-0 e6 8. Bf4 Ngf6 9. Ne5 Nxe5 10. dxe5 Rd8 11. Qe2 Nd7 12. Rfe1 Be7 13. Rad1 Qb6 14. Bb3 Nc5 15. Rxd8+ Bxd8 16. Qc4 Nxb3 17. cxb3 0-0 18. Be3 Qa5 19. Bc5 Re8 20. b4 Qc7 21. Bd6 Qd7 22. a4 Be7 23. Rd1 f6 24. Bxe7 Qxe7 25. exf6 Qxf6 26. Rd7 Re7 27. Rxe7 Qxe7 28. Qd4 Qg5 29. f4 Qe7 30. h3 Qh4 31. Qf2 Qxf2+ 32. Kxf2 Bc2 33. Ke3 Kf7 34. Kd4 Ke7 35. Ke5 g6 36. g4 b6 37. a5 b5 38. Ne4 Bxe4 39. Kxe4 Kd6 40. Kd4 a6 41. g5 Kd7 42. Ke5 Ke7 43. b3 Kd7 44. Kf6 Kd6 45. Kg7 e5 46. fxe5+ Kxe5 47. Kxh7 1-0

[Event "Aragon-ch Primera"]
[Site "Spain"]
[Date "2009.??.??"]
[Round "5"]
[White "Ramos, Martin"]
[Black "Gaspar Calvo, Luis Alberto"]
[Result "1/2-1/2"]
[WhiteElo "1784"]
[BlackElo "1813"]
[PlyCount "128"]
[EventDate "2009.??.??"]
[EventType "swiss"]
[EventRounds "9"]
[EventCountry "ESP"]
[SourceTitle "EXT 2013"]
[Source "ChessBase"]
[SourceDate "2012.11.22"]
[SourceVersion "1"]
[SourceVersionDate "2012.11.22"]
[SourceQuality "1"]

1. e4 Nf6 2. Nc3 d5 3. exd5 Nxd5 4. g3 Nxc3 5. bxc3 c6 6. Bg2 Bf5 7. Nf3 e6 8. 0-0 Be7 9. d3 Qa5 10. Rb1 Qxa2 11. Rxb7 Qa6 12. Rb1 0-0 13. Be3 Bf6 14. Bd4 Nd7 15. Ra1 Qb7 16. Bxf6 Nxf6 17. Qd2 Rab8 18. Nd4 Nd5 19. c4 Qb4 20. Qxb4 Nxb4 21. Nxc6 Nxc2 22. Rac1 Rb2 23. Ne7+ Kh8 24. Nxf5 exf5 25. Rfd1 Nd4 26. Ra1 f4 27. Bd5 Ne2+ 28. Kg2 fxg3 29. hxg3 Nc3 30. Re1 Nxd5 31. cxd5 Rd2 32. Re3 Rd8 33. Rxa7 h5 34. Rxf7 Rxd5 35. Ree7 R2xd3 36. Rxg7 Rd2 37. Rgf7 Kg8 38. Kh3 Rd1 39. Kg2 R1d2 40. Rf4 Rg5 41. Rc4 Rg7 42. Rcc7 Rxe7 43. Rxe7 Kf8 44. Re5 h4 45. gxh4 Rd4 46. Kg3 Kg7 47. Rg5+ Kf6 48. f4 Rd3+ 49. Kg4 Rd1 50. Rf5+ Kg6 51. h5+ Kh6 52. Rf6+ Kh7 53. Rg6 Rg1+ 54. Kf5 Rh1 55. Kg5 Rg1+ 56. Kf6 Rh1 57. Rg5 Kh6 58. Re5 Rh4 59. Rf5 Rg4 60. Ke5 Rh4 61. Rg5 Rh1 62. Kf6 Ra1 63. Kf5 Rh1 64. Ke4 Re1+ 1/2-1/2

[Event "Aragon-chT"]
[Site "Aragon"]
[Date "2008.03.29"]
[Round "7"]
[White "Gaspar Calvo, Luis Alberto"]
[Black "Lana Rodriguez, David"]
[Result "0-1"]
[WhiteElo "1939"]
[BlackElo "2177"]
[PlyCount "42"]
[EventDate "2008.02.02"]
[EventType "team-swiss"]
[EventRounds "12"]
[EventCountry "ESP"]
[SourceTitle "EXT 2011"]
[Source "ChessBase"]
[SourceDate "2010.11.26"]
[SourceVersion "1"]
[SourceVersionDate "2010.11.26"]
[SourceQuality "1"]

1. d4 g6 2. g3 c5 3. Nf3 cxd4 4. Qxd4 Nf6 5. Bg2 Nc6 6. Qa4 Bg7 7. 0-0 0-0 8. Rd1 d6 9. Be3 Qb6 10. c4 Qxb2 11. Nbd2 Bf5 12. Ne1 Ng4 13. Rab1 Bxb1 14. Rxb1 Qe5 15. Nd3 Qh5 16. Nf3 Nxe3 17. fxe3 Rab8 18. Nf4 Qc5 19. Kf2 a6 20. Nd5 e6 21. Nb6 Rfd8 0-1